| 000 | 00722nam a22002057a 4500 | ||
|---|---|---|---|
| 999 |
_c13537 _d13537 |
||
| 003 | AR-CdUCM | ||
| 008 | 190415b ||||| |||| 00| 0 spa d | ||
| 040 |
_aMUNICIPALIDAD PROVINCIAL DEL CUSCO _cBIBLIOTECA MUNICIPAL DEL CUSCO |
||
| 082 |
_aC / 859.56 / _bC76 / 1930 |
||
| 100 |
_aConcha I. Manuel F. _931996 |
||
| 245 | _aFilosofía y arte del amor / | ||
| 260 |
_aCuzco : _bImperial, _c1930. |
||
| 300 |
_a143 páginas ; _c17 cm. |
||
| 505 | _aContenido : Prologo por el autor -- Antes y al tiempo de conocerte -- Tu nombre -- El ramillete preferido -- Materialidad del amor ... | ||
| 650 |
_aFilosofía _9395 |
||
| 650 |
_aArte _9561 |
||
| 650 |
_a Amor _9905 |
||
| 942 |
_2ddc _cLIBROS |
||
| 945 |
_arah _d15/04/2019 |
||